000 00428cam a2200157ua 4500
041 _aeng
_h
082 _a535.2
_bMOR/IN
100 _aMorgan, Joseph .
245 _aIntroduction to geometrical and physical optics /
_cJoseph Morgan.
_hTextual Documents
250 _a1 /
_b.
260 _aNew York :
_bMcGraw Hill Book Company ,
_c1953.
300 _a450 :
_b506 ; .
504 _a
942 _cBK
999 _c10537
_d10537